Iný Malevič

Bibliographic Details
Main Author: Olič, Jiří, 1947- (Author)
Format: Article
Language:Slovak
PhysicalDescription:Fotogr, obr.
ISSN:1336-5932
Subjects:

MARC

LEADER 00000nab a2200000 a 4500
001 vtls008632962
003 SK-MaSNL
005 20260303071642.0
008 140515c2006 xo wr|p|||||||000 b|slo
015 |a SNBRB2006/03  |2 snkbucl 
040 |a SNKBUCL  |b slo  |c SNKBUCL  |e AACR2 
041 0 |a slo 
044 |a xo  |c SK 
080 |a 75.071.1  |2 2001 
080 |a 929 Malevič, Kazimír  |2 2001 
080 |a 7.036  |2 2001 
100 1 |a Olič, Jiří,  |d 1947-  |4 aut  |9 85877 
245 1 0 |a Iný Malevič  |c Jiří Olič 
300 |b Fotogr, obr. 
600 1 7 |a Malevič, Kazimir,  |d 1878-1935  |2 snkbucl  |9 1070579 
650 0 7 |a moderné umenie  |2 snkbucl  |9 68456 
773 0 |t Týždeň  |g Roč. III, č. 10 (2006), s. 64-65  |x 1336-5932 
852 |a SNK  |b KIS3GCP 
958 |a RU 
958 |a BC 
999 |c 1760939  |d 1762869